| 000 | 00488nam a22001817a 4500 | ||
|---|---|---|---|
| 999 |
_c524726 _d524726 |
||
| 003 | NUST | ||
| 038 | _aFaiza | ||
| 082 |
_a891.421 _bBAJ |
||
| 100 |
_aBajwa, Ahsan _915520 |
||
| 245 |
_aSach Bani / _cAhsan Bajwa |
||
| 260 |
_aLahore : _bSanjh Sawair, _c2013. |
||
| 300 | _a480 p. ; | ||
| 500 | _aHard cover. | ||
| 880 |
_6100-01\r _aاحسان باجوہ |
||
| 880 |
_6245-02\r _aسچ بانی / |
||
| 880 |
_6260-03\r _aلاہور : _bسانجھ سویر, _c۲۰۱۳. |
||
| 942 |
_2ddc _cBK |
||